| 000 | 00735cam a22002413a 4500 | ||
|---|---|---|---|
| 001 | 31889 | ||
| 003 | PGUSA | ||
| 005 | 20140828083706.0 | ||
| 008 | 100405s2010||||xxu|||||s|||||000 | eng d | ||
| 040 |
_aPGUSA _beng |
||
| 042 | _adc | ||
| 050 | 4 | _aF350.5 | |
| 100 | 1 |
_aWiltz, Louis Alfred, _d1843-1881 |
|
| 245 | 1 | 4 |
_aThe Great Mississippi Flood of 1874 : _bIts Extent, Duration, and Effects _h[electronic resource] / _cLouis Alfred Wiltz |
| 260 |
_bProject Gutenberg, _c2010 |
||
| 506 | _aPublic domain in the USA. | ||
| 516 | _aElectronic text | ||
| 653 | _aFloods -- Mississippi River | ||
| 653 | _aFloods -- Louisiana | ||
| 830 | 0 |
_aProject Gutenberg _v31889 |
|
| 856 | 4 | 0 | _uhttp://www.gutenberg.org/ebooks/31889 |
| 942 | _cEB | ||
| 999 |
_c261144 _d261144 |
||